Statistics for Movie Professions Quiz #1

Click here to take the quiz!

General Stats

  • This quiz has been taken 35,897 times
    (26,827 since last reset)
  • The average score is 12 of 21

Answer Stats

CharacterProfession% Correct
Jack SparrowPirate
95%
James BondSpy
93%
Rocky BalboaBoxer
92%
Clark KentReporter
84%
Indiana JonesArchaeologist
82%
Ron BurgundyNews Anchor
79%
Derek ZoolanderModel
76%
John McClanePolice Officer
71%
SpartacusGladiator
66%
Atticus FinchLawyer
64%
Boba FettBounty Hunter
58%
Pepper PottsSecretary
53%
Deuce BigalowGigolo
52%
Greg FockerNurse
50%
Clarice StarlingFBI Agent
45%
Vincent VegaHitman
36%
Mr. MiyagiMaintenance Man
34%
Peter VenkmanGhostbuster
33%
JafarGrand Vizier
21%
Danny NoonanCaddy
10%
Karl HungusPorn Star
7%

Score Distribution

Percentile by Number Answered

Percent of People with Each Score

Your Score History

You have not taken this quiz since the last reset